Pelancaran Rasmi Laporan Pasaran Harta 10 April 1991 [

Bibliographic Details
Format: Book

MARC

LEADER 00000cam a2200000 7i4500
001 0000005073
005 20080305.0
040 |a INS 
090 0 0 |a VCD 1189 
245 0 0 |a Pelancaran Rasmi Laporan Pasaran Harta   |c oleh YB Dato' Loke Yuen How, Timbalan Menteri Kewangan :   |b 10 April 1991 [  |h cakera video] 
300 |a 1 cakera video (22 min.) :   |b bny. wrn. ;   |c 4 3/4 in. 
500 |a Mengandungi siaran Selamat Pagi Malaysia - Wawancara bersama Dato Muhammad Nawawi Hj. Arshard. 
999 |a VCD0001189   |b VIDEO CD   |c Media Collection   |e Default branch